Politieke Partijen Groot-Brittannië - Statistieken

Algemene statistieken
  • Deze quiz is 16 keer genomen
  • De gemiddelde score is 5 van 7
Antwoordstatistieken
Hint Antwoord % Correct
Centrumrechts Conservative Party
100%
Centrumlinks Labour Party
100%
Schots Nationalisme Scottish National Party
88%
Liberalisme Liberal Democrats
69%
Rechts-Populisme Reform UK
63%
Enviromentalisme Green Party
50%
Wales Nationalisme Plaid Cymru
25%
Geen overeenkomende quizzen gevonden
Scoreverdeling
Procent van Mensen met Elke Score
Percentiel versus Aantal Correcte Antwoorden
Uw Scoregeschiedenis
U heeft deze quiz nog niet genomen